Small business : Finance and control

Bibliographic Details
Main Author: Dewhurst, Jim
Other Authors: Burns, Paul
Format: Book
Published: London : Mac Millan Press , 1983
Series:Warwick small business
Subjects:

MARC

LEADER 00000cam a2200000 7i4500
001 0000002642
005 20050429.0
020 |a 0333345029 
040 |a INS 
090 0 0 |a HD62.7.   |b D48 1983 
100 1 |a Dewhurst, Jim 
245 1 0 |a Small business :   |b Finance and control   |c Jim Dewhurst and Paul Burns 
260 |a London :   |b Mac Millan Press ,   |c 1983 
300 |a x. 375p :   |b ill ;   |c 23 cm. 
440 0 |a Warwick small business 
650 0 0 |a Small business   |z Great Bitain   |x Finance 
700 1 |a Burns, Paul 
999 |a 0000000015   |b BOOK   |c Open Shelf   |e Default branch